000 00981nam2a22002411 4500
001 rc\635129
005 20250612170309.0
035 _a(NLR Aleph) 008741264
090 _a9532838
_c9532838
100 _a20031121d1986 |||y0rusy50 ca
101 1 _arus
_ceng
102 _aRU
105 _ay |||||||||
200 0 _aТ. 2
_f[Пер. с англ. Т. Кудрявцевой]
210 _d1986
_aБ. м.
215 _a592 с.
461 0 _1001rc\635127
_12000#$aУнесенные ветром$fМаргарет Митчелл$g[Пер. с англ. Т. Озерской$gВступ. ст. П. Палиевского]$vТ. 2
_1700#1$aМитчелл$bМ.$gМаргарет$f1900-1949
_97853254
_aМитчелл, М. (1900-1949)
_cМ.
_d1986-
_fМаргарет Митчелл
_nПравда
_tУнесенные ветром
_vТ. 2
801 0 _aRU
_bNLR
_gpsbo
801 1 _aRU
_bELAR
_2rusmarc
801 2 _aRU
_bNLR
_c20040323
_2rusmarc
852 _aNLR
_j86-3/4172
942 _cBOOK
980 _aNB